Les meilleurs joueurs au monde World Rugby - Statistiques

Statistiques générales
  • Ce quiz a été pris 33 fois
  • Le résultat moyen est 16 sur 24
Statistiques - réponses
Année Pays Gagnant % Correct
2021 France Antoine Dupont
100%
2005 Nouvelle zelande Dan Carter
82%
2012 Nouvelle zelande Dan Carter
82%
2015 Nouvelle zelande Dan Carter
82%
2019 Afrique du sud Pieter-Steph du Toit
82%
2024 Afrique du sud Pieter-Steph du Toit
82%
2018 Irlande Jonathan Sexton
79%
2023 Nouvelle zelande Ardie Savea
75%
2016 Nouvelle zelande Beauden Barrett
75%
2017 Nouvelle zelande Beauden Barrett
75%
2006 Nouvelle zelande Richie McCaw
75%
2009 Nouvelle zelande Richie McCaw
75%
2010 Nouvelle zelande Richie McCaw
75%
2011 France Thierry Dusautoir
75%
2003 Angleterre Jonny Wilkinson
71%
2002 France Fabien Galthié
64%
2022 Irlande Josh van der Flier
64%
2014 Nouvelle zelande Brodie Retallick
54%
2007 Afrique du sud Bryan Habana
50%
2025 Afrique du sud Malcolm Marx
50%
2008 Pays de galles Shane Williams
50%
2013 Nouvelle zelande Kieran Read
43%
2004 Afrique du sud Schalk Burger
39%
2001 Irlande Keith Wood
32%
Aucun quiz correspondant
Distribution des résultats
% des personnes avec chaque résultat
Percentile par nombre de réponses
Votre historique - résultats
Vous n’avez pas pris ce quiz